000 00451 a2200157 4500
005 20250627140755.0
020 _a978-0-07-327308-2
082 _a338.5 McC
100 _aMcCONNELL, C . R .
245 _aMacroeconomics: Principles, Problems and Policies
250 _a17th Ed.
260 _aNew York,
_bMcGraw Hill,
_c2008.
300 _axxvii, 417P.: ill.; figure, table,
_bglossary & index,
_c25cm.
700 _aBRUE, S . L .
942 _2ddc
_cBKS
999 _c5671
_d5671